1714 1323 1492 1768 1902 1498 1106 1034 1976 1259 1889 1163 1854 1582 1141 1760 1601 1110 1603 1590 1741 1578 1136 1173 1645 1556 1076 1578 1995 1702 1857 1992 1545 1550 1981 1654 1228 1568 1845 1477 1173 1022 1752 1179 1761 1883 1343 1074 1976 1036 1766 1678 1922 1358 1987 1255 1869 1409 1880 1367 1469 1258 1124 1701 1959 1056 1427 1717 1980 1115 1912 1126 1650 1400 1124 1169 1018 1406 1761 1243 1844 1442 1034 1621 1234 1981 1107 1926 1643 1285 1094 1361 1882 1256 1874 1361 1800 1990 1962 BCNSPRNW ULIB Ver.6.0+V

เปลี่ยนเป็นภาษาไทย

Change to English
 แสดงรายละเอียดบรรณานุกรม
  กลับหน้าหลัก

Brief Record : Get Marc (ISO 2709) : E-mail record : QR code < ปิดหน้าต่าง
LEADER : 00000nam 2200000uu 4500
001    13399126143
003     ULIB
008    180612s2017||||th 000 0 tha d
020    ^a9781316637869
050 00 ^aPE1128^bC172^cV.12
245 10 ^aCambridge practice tests for IELTS 12
260    ^aCambridge :^bCambridge University Press,^c2017
300    ^a136 p.:^bill. ;^c25 cm.
650 00 ^aInternational English Language Testing System.
650 00 ^aEnglish language^xExaminations, questions, etc.
650 00 ^aEnglish language^xTextbooks for foreign speakers
945    ^p530^l0^i004239
999    ^aวรรณษา ชูชัยมงคล
รายการนี้ยังไม่มีแท็ก
คุณยังไม่ได้ล็อกอิน คุณสามารถมีกิจกรรมร่วมกับเว็บไซต์ได้ แต่ต้องล็อกอินก่อน ::
  ล็อกอิน

รายการสื่อสารสนเทศ

ลำดับที่ ประเภท เลขเรียก/บาร์โค้ด สถานที่ สถานะ
1. วิทยาศาสตร์การแพทย์ และสุขภาพ
หนังสือสำรอง
สถานะ=หนังสือสำรอง
PE1128 C172 V.12 ฉ.1 
  Barcode: 004239
ห้องสมุดวิทยาเขตสวรรค์ประชารักษ์
►หนังสือทั่วไป
ถูกยืม กำหนดส่งวันที่ 30 มกราคม 2569
  จอง

รายการใกล้เคียง
    ชื่อเรื่อง [Cambridge practice tests for IELTS 12]

    หัวเรื่อง [International English Language Testing System.]

BibComment


ยังไม่เคยถูกคอมเมนท์

คอมเมนท์ทรัพยากรรายการนี้
  คอมเมนท์: Cambridge practi..


 Copyright 2026. Bcnsprnw @Library